Theorien des Museums zur Einführung

Nur selten in der Geschichte hat eine Institution eine solche Konjunktur erfahren wie in den letzten Jahren das Museum. ... Diese Einführung beschreibt die historischen Etappen der Sammlungs- und Museumsgeschichte seit der Renaissance und gibt einen Überblick über die derzeit wichtigsten theoreti...

Ausführliche Beschreibung

Gespeichert in:
Bibliographische Detailangaben
VerfasserIn: Heesen, Anke te (VerfasserIn)
Dokumenttyp: Buch
Sprache:German
Veröffentlicht: Hamburg : Junius-Verl. , 2012
Schriftenreihe:Zur Einführung 398
Schlagwörter:
Online Zugang:Inhaltsverzeichnis
Rezension
Cover
Rezension
Inhaltstext
Rezension
http://d-nb.info/1018251375/04 Inhaltsverzeichnis
Bibliogr. Hinweis:Rezensiert in: [Rezension von: Anke te Heesen, Theorien des Museums zur Einführung]
Verantwortlich:Anke te Heesen
LEADER 04686cam a2200865 c 4500
001 682816035
003 DE-627
005 20260616225843.0
007 tu
008 120111s2012 gw ||||| 00| ||ger c
015 |a 12,N02  |2 dnb 
015 |a 12,N02  |2 dnb 
016 7 |a 1018251375  |2 DE-101 
020 |a 9783885066989  |q Pb. : ca. EUR 14.90 (DE), ca. EUR 15.40 (AT), ca. sfr 21.90 (freier Pr.)  |9 978-3-88506-698-9 
020 |a 388506698X  |9 3-88506-698-X 
024 3 |a 9783885066989 
035 |a (DE-627)682816035 
035 |a (DE-603)306615045 
035 |a (DE-576)35641552X 
035 |a (DE-599)DNB1018251375 
035 |a (OCoLC)808865242 
035 |a (OCoLC)775715769 
035 |a (OCoLC)775095267 
040 |a DE-627  |b ger  |c DE-627  |e rakwb 
041 |a ger 
044 |c XA-DE-HH 
072 7 |a Kunstgeschichte  |2 bicssc 
082 0 |a 700  |q BSZ 
082 0 |a 069  |2 22/ger 
082 0 4 |a 060  |q DNB 
084 |a ALLG 483  |2 sfb 
084 |a 24,1  |a 9,10  |2 ssgn 
084 |a AK 85100  |q BVB  |2 rvk  |0 (DE-625)rvk/2706: 
084 |a LH 29960  |2 rvk  |0 (DE-625)rvk/92951: 
084 |a 02.30  |2 bkl 
100 1 |a Heesen, Anke te  |d 1965-  |0 (DE-588)136602827  |0 (DE-627)584569610  |0 (DE-576)176757260  |4 aut 
245 1 0 |a Theorien des Museums zur Einführung  |c Anke te Heesen 
246 3 3 |a Theorien des Museums 
264 1 |a Hamburg  |b Junius-Verl.  |c 2012 
300 |a 219 S.  |c 170 mm x 120 mm 
336 |a Text  |b txt  |2 rdacontent 
337 |a ohne Hilfsmittel zu benutzen  |b n  |2 rdamedia 
338 |a Band  |b nc  |2 rdacarrier 
490 1 |a Zur Einführung  |v 398 
500 |a Literaturverz. S. 199 - 212 
520 |a Nur selten in der Geschichte hat eine Institution eine solche Konjunktur erfahren wie in den letzten Jahren das Museum. ... Diese Einführung beschreibt die historischen Etappen der Sammlungs- und Museumsgeschichte seit der Renaissance und gibt einen Überblick über die derzeit wichtigsten theoretischen Annäherungen an das Phänomen. So erlaubt der Band einen differenzierten Blick auf den "Zeigeraum" des Museums und entfaltet dabei die feine, aber zentrale Unterscheidung zwischen Museum und Ausstellung. (Verlag) 
583 1 |a Archivierung/Langzeitarchivierung gewährleistet  |f SSG  |x XA-DE-BW  |2 pdager  |5 DE-16 
583 1 |a Archivierung/Langzeitarchivierung gewährleistet  |f PEHH  |x XA-DE-HH  |2 pdager  |5 DE-18 
650 0 7 |0 (DE-588)4170787-4  |0 (DE-627)105399604  |0 (DE-576)209932708  |a Museumskunde  |2 gnd 
655 7 |a Einführung  |0 (DE-588)4151278-9  |0 (DE-627)104450460  |0 (DE-576)209786884  |2 gnd-content 
689 0 0 |d s  |0 (DE-588)4170787-4  |0 (DE-627)105399604  |0 (DE-576)209932708  |a Museumskunde  |2 gnd 
689 0 |5 DE-101 
689 1 0 |d s  |0 (DE-588)4170787-4  |0 (DE-627)105399604  |0 (DE-576)209932708  |a Museumskunde  |2 gnd 
689 1 |5 (DE-627) 
787 0 8 |i Rezensiert in  |a Bonnet, Anne-Marie, 1954 -   |t [Rezension von: Anke te Heesen, Theorien des Museums zur Einführung]  |d 2013  |w (DE-627)1800995253 
830 0 |a Zur Einführung  |v 398  |9 398  |w (DE-627)169229882  |w (DE-576)019599862  |w (DE-600)915494-2  |7 am 
856 4 2 |u http://www.gbv.de/dms/weimar/toc/682816035_toc.pdf  |m V:DE-601  |m B:DE-Wim2  |x Verlag  |y Inhaltsverzeichnis  |3 Inhaltsverzeichnis  |7 1 
856 4 2 |u https://swbplus.bsz-bw.de/bsz35641552Xrez.htm  |m V:DE-576;B:DE-16  |q application/pdf  |v 20131017141110  |3 Rezension  |7 1 
856 4 2 |u https://swbplus.bsz-bw.de/bsz35641552xcov.jpg  |m V:DE-576  |m X:junius  |q image/jpeg  |v 20121214145332  |3 Cover  |7 1 
856 4 2 |u http://www.sehepunkte.de/2013/10/22240.html  |m V:DE-576;X:Sehepunkte  |q text/html  |v 20180417093439  |3 Rezension  |7 1 
856 4 2 |u http://deposit.dnb.de/cgi-bin/dokserv?id=3945684&prov=M&dok_var=1&dok_ext=htm  |m X: MVB  |q text/html  |v 2013-05-01  |x Verlag  |3 Inhaltstext  |7 1 
856 4 2 |u http://scans.hebis.de/HEBCGI/show.pl?30661504_rez.pdf  |m V:DE-576;B:DE-16  |q application/pdf  |3 Rezension  |7 1 
856 4 2 |u http://d-nb.info/1018251375/04 Inhaltsverzeichnis  |x Verlag  |7 1 
889 |w (DE-627)1695471563 
935 |i Blocktest 
936 r v |a AK 85100  |b Wesen, Bedeutung, Aufgabe  |k Allgemeines  |k Museumswesen, Museologie, Museumswissenschaft  |k Museumstheorie, Beziehungen  |k Wesen, Bedeutung, Aufgabe  |0 (DE-627)127065795X  |0 (DE-625)rvk/2706:  |0 (DE-576)20065795X 
936 r v |a LH 29960  |b Museumskunde, Museumsgeschichte (allgemein)  |k Kunstgeschichte  |k Allgemeines. Allgemeine Kunstgeschichte  |k Museumskunde. Museumskataloge  |k Museumskunde, Museumsgeschichte (allgemein)  |0 (DE-627)1270644238  |0 (DE-625)rvk/92951:  |0 (DE-576)200644238 
936 b k |a 02.30  |j Museumskunde  |0 (DE-627)106403192 
936 s n |a a100  |2 mzub 
936 s n |a l300  |2 mzub 
951 |a BO 
990 |a Museumskunde 
990 |a Museumskunde 
991 |a Rezensiertes Werk 
999 |a KXP-PPN682816035  |e 4179805588